| 000 | 00906nam a2200265 i 4500 | ||
|---|---|---|---|
| 001 | 000033491 | ||
| 003 | DO-SdBNP | ||
| 005 | 20250312132235.0 | ||
| 007 | ta | ||
| 008 | 110830s1930 dr 000 0 spa d | ||
| 040 |
_aDO-SdBNP _bspa _cBNPHU _erda |
||
| 082 | 4 |
_a617 _bA973s _222 |
|
| 100 | 1 |
_aAybar, Luis Emilio _959018 _eautor |
|
| 245 | 1 | 0 |
_aSeis años de cirujía en el hospital San Antonio : _bbreves anotaciones clínicas y operatoria / _cLuis Emilio Aybar. |
| 264 |
_aSan Pedro de Macorís, República Dominicana : _bImprenta Antonieta, _c1930 |
||
| 300 |
_a239 páginas : _bilustraciones ; _c24 cm. |
||
| 336 |
_2rdacontent _atexto _btxt |
||
| 337 |
_2rdamedia _asin mediación _bn |
||
| 338 |
_2rdacarrier _avolumen _bnc |
||
| 590 | _aInventariado, 2021 / DG | ||
| 650 | 0 |
_aHospitales _zRepública Dominicana _976843 _2LEMB |
|
| 650 | 0 |
_aCirugía _976844 |
|
| 910 | _aD/G | ||
| 942 |
_2ddc _cLBS1 |
||
| 999 |
_c32982 _d32982 |
||